Curso de direito processual penal / (Record no. 979)

MARC details
000 -LÍDER
Campo Fixo de Controle 00746nam a2200241 a 4500
001 - NÚMERO DE CONTROLE
Campo de Controle 979
003 - IDENTIFICAÇÃO DO NÚMERO DE CONTROLE
Campo de Controle BR-CuiBMT
005 - DATA E HORA DA ÚLTIMA ATUALIZAÇÃO
Campo de Controle 20231124190021.0
008 - DADOS FIXOS
Dados Fixos 231124s2016 baba 000 0 por d
020 ## - INTERNATIONAL STANDARD BOOK NUMBER
Nº do ISBN 9788544206720
040 ## - AGÊNCIA CATALOGADORA
Código da Agência Catalogadora BR-CuiBMT
Agência que transcreveu o registro BR-CuiBMT
080 ## - Nº DA CLASSIFICAÇÃO DECIMAL UNIVERSAL
Nº edição CDU 2007
Nº Class. CDU 347.9
090 ## - NÚMERO DE CHAMADA
Nº classificação 347.9
Cutter T234c
Ano/Edição 11. ed.
100 1# - ENTRADA PRINCIPAL -- AUTOR PESSOAL
Nome pessoal Távora, Nestor
245 10 - TÍTULO PRINCIPAL
Título principal Curso de direito processual penal /
Indicação de responsabilidade Nestor Távora ; Rosmar Rodrigues Alencar.
250 ## - EDIÇÃO
Edição 11. ed., rev., ampl. e atual.
260 ## - PUBLICAÇÃO, DISTRIBUIÇÃO, ETC.
Local de publicação Salvador :
Editora JusPodivm,
Data 2016.
300 ## - DESCRIÇÃO FÍSICA
N. páginas ou volumes 1830 p. :
Ilustrações il. color. ;
Dimensões 24 cm
504 ## - NOTA DE BIBLIOGRAFIA, ETC.
Nota de bibliografia Inclui bibliografia.
650 ## - ASSUNTO TÓPICO
Cabeçalho tópico ou nome geográfico Direito processual penal
700 1# - ENTRADA SECUNDÁRIA -- NOME PESSOAL
Nome pessoal Alencar, Rosmar Antonni Rodrigues Cavalcanti de
Datas associadas ao nome 1974-
942 ## - ELEMENTOS DE ENTRADA ADICIONAIS (KOHA)
Fonte de classificação ou esquema de arquivamento Classificação Decimal Universal
Tipo de item do Koha Livros
Holdings
Estado: removido Estado: perdido Fonte de classificação ou esquema de arquivamento Estado: danificado Indisponível para empréstimo Localização permanente Localização atual Data de aquisição Total Checkouts Número de Chamada completo Código de barras Date last seen Número do exemplar Preço efetivo a partir de Tipo de item (Koha)
    Classificação Decimal Universal     Biblioteca da Escola Superior de Contas do TCE/MT Biblioteca da Escola Superior de Contas do TCE/MT 24/11/2023   347.9 T234c 11. ed. BIBTCEMT23111045 24/11/2023 Ex. 1 24/11/2023 Livros

Powered by Koha